1012 1146 1115 1764 1299 1903 1985 1486 1522 1005 1224 1695 1223 1977 1936 1859 1897 1646 1025 1429 1395 1181 1338 1893 1526 1229 1499 1440 1241 1764 1969 1126 1627 1877 1182 1977 1638 1958 1825 1836 1748 1100 1991 1969 1957 1409 1354 1791 1307 1633 1973 1067 1767 1586 1876 1942 1488 1870 1582 1710 1571 1464 1655 1906 1922 1452 1148 1505 1545 1507 1513 1044 1490 1479 1753 1611 1307 1249 1330 1924 1694 1146 1896 1758 1743 1862 1713 1256 1821 1275 1924 1898 1963 1193 1301 1545 1493 1837 1343 BCNSPRNW ULIB Ver.6.0+V

เปลี่ยนเป็นภาษาไทย

Change to English
 แสดงรายละเอียดบรรณานุกรม
  กลับหน้าหลัก

Brief Record : Get Marc (ISO 2709) : E-mail record : QR code < ปิดหน้าต่าง
LEADER : 00000nam 2200000uu 4500
001    13399112896
003     ULIB
008    110916s2551||||th 000 0 tha d
020    9789741033683
090    นว.^bพ724ค 2551
100 0  พิมลพัทธ์
245 00 คือดาราแห่งใจ/^cพิมลพัทธ์
250    พิมพ์ครั้งที่ 3
260    กรุงเทพฯ :^bแจ่มใส,^c2551
300    253 หน้า
945    ^p159^l0^i15021
995    กัณชพร
999    ^aใช้งานได้ทุกระบบ
รายการนี้ยังไม่มีแท็ก
คุณยังไม่ได้ล็อกอิน คุณสามารถมีกิจกรรมร่วมกับเว็บไซต์ได้ แต่ต้องล็อกอินก่อน ::
  ล็อกอิน

รายการสื่อสารสนเทศ

ลำดับที่ ประเภท เลขเรียก/บาร์โค้ด สถานที่ สถานะ
1. นวนิยาย
นวนิยาย
นว. พ724ค 2551  
  Barcode: 15021
ห้องสมุดวิทยาเขตสวรรค์ประชารักษ์
►นวนิยาย
บนชั้น
  ขอยืม

BibComment


ยังไม่เคยถูกคอมเมนท์

คอมเมนท์ทรัพยากรรายการนี้
  คอมเมนท์: คือดาราแห่งใจ พิม..


 Copyright 2026. Bcnsprnw @Library